000 00512nam a2200193Ia 4500
008 230125s9999 xx 000 0 und d
020 _a0-7499-1148-4
041 _aeng
082 _a174.4
_bBRE BLO
100 _aBrennan L
_9108546
245 _aComplete book of business etiquette
260 _c1996
_bPiatkus publication
_aLondon
300 _a189p
650 _aBusiness Ethics
_9106801
700 _aBrennan L & Block D
_9108547
999 _c85352
_d85352
500 _aBusiness Ethics
500 _aEthics